| 000 | 00953nam a22002537a 4500 | ||
|---|---|---|---|
| 003 | OSt | ||
| 005 | 20230301091432.0 | ||
| 008 | 220916b |||||||| |||| 00| 0 eng d | ||
| 020 | _a88 7983 412 6 | ||
| 040 | _cBiblioteca Lado V | ||
| 082 |
_a148 _bJ61k |
||
| 100 |
_9761 _aJimenez, Jorge _eautor |
||
| 245 |
_aKasandra | Un feroz perro de guaro | Agosto de 1995/ _bRevuo de la kostarika kontraukulturo/ |
||
| 260 |
_aSan Jose, Costa Rica _bEscuela de FilosofĂa de la Universidad de Costa Rica _c1995 |
||
| 300 |
_c27x25cm _a80p. |
||
| 490 |
_aN9 _v1995 |
||
| 650 |
_2Tesauro de Arte & Arquitectura _aFILOSOFIA |
||
| 650 |
_2Tesauro de Arte & Arquitectura _aCRITICA _9702 |
||
| 650 |
_2Tesauro de Arte & Arquitectura _aARTE |
||
| 650 |
_2Tesauro de Arte & Arquitectura _aNOTICIAS |
||
| 650 |
_2Tesauro de Arte & Arquitectura _aCULTURA |
||
| 650 |
_2Tesauro de Arte & Arquitectura _aDibujo _9703 |
||
| 942 |
_2ddc _c1 _h148 _iJ61k _n0 |
||
| 999 |
_c3084 _d3084 |
||